MARC

LEADER 00000nam0a2200000 4500
001 337899
005 20231101032127.0
035 |a (RuTPU)RU\TPU\book\364387 
090 |a 337899 
100 |a 20171115d1963 m y0rusy50 ca 
101 0 |a rus 
102 |a RU 
105 |a y j 001zy 
200 1 |a Технический анализ в металлургии  |e учебное пособие к лабораторным занятиям  |h Вып. 2  |f А. С. Андреев  |g Ленинградский политехнический институт им. М. И. Калинина (ЛПИ) 
210 |a Ленинград  |c Изд-во Ленинградского политехнического ин-та  |d 1963 
215 |a 158 с. 
320 |a Библиогр.: с. 155-156 
606 1 |a Металлы  |x Химический анализ  |2 stltpush  |3 (RuTPU)RU\TPU\subj\43030 
610 1 |a руды 
610 1 |a шлаки 
610 1 |a флюсы 
610 1 |a бокситы 
610 1 |a окисленные системы 
610 1 |a металлургические глиноземы 
610 1 |a корунд 
610 1 |a сульфидные медные руды 
610 1 |a свинцово-цинковые руды 
610 1 |a штейны 
610 1 |a концентраты 
610 1 |a медные сплавы 
610 1 |a бронза 
610 1 |a латунь 
610 1 |a алюминий 
610 1 |a магний 
610 1 |a алюминиевые сплавы 
610 1 |a лабораторные занятия 
610 1 |a учебные пособия 
675 |a 669:543(076.5)  |v 4 
700 1 |a Андреев  |b А. С.  |g Александр Степанович 
712 0 2 |a Ленинградский политехнический институт им. М. И. Калинина (ЛПИ)  |c (1924-1930, 1940-1990)  |2 stltpush  |3 (RuTPU)RU\TPU\col\2601 
801 1 |a RU  |b 63413507  |c 20171115 
801 2 |a RU  |b 63413507  |c 20201103  |g RCR 
942 |c BK